Candid corner : (Record no. 63679)

MARC details
000 -LEADER
fixed length control field 00553nam a22001577a 4500
005 - DATE AND TIME OF LATEST TRANSACTION
control field 20120302115932.0
020 ## - INTERNATIONAL STANDARD BOOK NUMBER
International Standard Book Number 8175344776
Terms of availability 450.00
035 ## - SYSTEM CONTROL NUMBER
System control number B-220621
037 ## - SOURCE OF ACQUISITION
Stock number DPL
Source of stock number/acquisition ENG
100 ## - MAIN ENTRY--PERSONAL NAME
Personal name Singhvi, Abhishek Manu
245 ## - TITLE STATEMENT
Title Candid corner :
Remainder of title Reflections of Abhishek Singhvi /
Statement of responsibility, etc by Abhishek Manu Singhvi
260 ## - PUBLICATION, DISTRIBUTION, ETC. (IMPRINT)
Place of publication, distribution, etc Delhi
Name of publisher, distributor, etc Universal Law Publishing co.
Date of publication, distribution, etc 2006
300 ## - PHYSICAL DESCRIPTION
Extent xiv, 288p.
Dimensions 20 cms.
942 ## - ADDED ENTRY ELEMENTS (KOHA)
Source of classification or shelving scheme Dewey Decimal Classification
Item type English Books
Classification part 080
Call number suffix SIN
Holdings
Withdrawn status Lost status Not for loan Collection code Home library Current library Date acquired Cost, normal purchase price Full call number Barcode Cost, replacement price Koha item type
      Non-fiction Sarojini Nagar Sarojini Nagar 02/03/2012 450.00 080 SIN B-220621 450.00 English Books

© Delhi Public Library
Hit Counter
free hit counter